| 000 | 00380cam a2200157ua 4500 | ||
|---|---|---|---|
| 003 | OSt | ||
| 008 | 250602b |||||||| |||| 00| 0 eng d | ||
| 041 | _aeng | ||
| 082 |
_a624.171 _bJUN/ME |
||
| 100 |
_aJunnarkar, S B. _9536 |
||
| 245 | _aMechanics of structures / | ||
| 250 | _a3 / | ||
| 260 |
_aMumbai : _bVivek Publishers Pvt Ltd , _c1963. |
||
| 300 | _a591 ; . | ||
| 942 | _cBK | ||
| 999 |
_c1314 _d1314 |
||